Normal view
MARC view
Entry Personal Name
001 - CONTROL NUMBER
- control field: 2798
003 - CONTROL NUMBER IDENTIFIER
- control field: TZ-ArACH
005 - DATE AND TIME OF LATEST TRANSACTION
- control field: 20111017100929.0
008 - FIXED-LENGTH DATA ELEMENTS
- fixed length control field: 111017|||a|||||| | ||| d
040 ## - CATALOGING SOURCE
- Original cataloging agency: TZ-ArACH
- Transcribing agency: TZ-ArACH
100 ## - HEADING--PERSONAL NAME
- Personal name: Gostin, Larry O.
- Fuller form of name: (Larry Ogalthorpe)
670 ## - SOURCE DATA FOUND
- Source citation: Work cat.: (TZ-ArACH)1409: Gostin, Larry O. (Larry Ogalthorpe), Human rights and public health in the AIDS pandemic /, 1997.
670 ## - SOURCE DATA FOUND
- Source citation: Work cat.: (TZ-ArACH)1409: Gostin, Larry O. (Larry Ogalthorpe), Human rights and public health in the AIDS pandemic /, 1997.
